Search Based Software Engineering (Запис № 448129)

МАРК-запис
000 -LEADER
fixed length control field 04230nam a22006735i 4500
001 - CONTROL NUMBER
control field 978-3-319-66299-2
003 - CONTROL NUMBER IDENTIFIER
control field DE-He213
005 - DATE AND TIME OF LATEST TRANSACTION
control field 20210118132257.0
007 - PHYSICAL DESCRIPTION FIXED FIELD--GENERAL INFORMATION
fixed length control field cr nn 008mamaa
008 - FIXED-LENGTH DATA ELEMENTS--GENERAL INFORMATION
fixed length control field 170816s2017 gw | s |||| 0|eng d
020 ## - INTERNATIONAL STANDARD BOOK NUMBER
International Standard Book Number 9783319662992
-- 978-3-319-66299-2
024 7# - OTHER STANDARD IDENTIFIER
Standard number or code 10.1007/978-3-319-66299-2
Source of number or code doi
050 #4 - LIBRARY OF CONGRESS CALL NUMBER
Classification number QA76.758
072 #7 - SUBJECT CATEGORY CODE
Subject category code UMZ
Source bicssc
072 #7 - SUBJECT CATEGORY CODE
Subject category code COM051230
Source bisacsh
072 #7 - SUBJECT CATEGORY CODE
Subject category code UMZ
Source thema
082 04 - DEWEY DECIMAL CLASSIFICATION NUMBER
Classification number 005.1
Edition number 23
245 10 - TITLE STATEMENT
Title Search Based Software Engineering
Medium [electronic resource] :
Remainder of title 9th International Symposium, SSBSE 2017, Paderborn, Germany, September 9-11, 2017, Proceedings /
Statement of responsibility, etc edited by Tim Menzies, Justyna Petke.
250 ## - EDITION STATEMENT
Edition statement 1st ed. 2017.
264 #1 -
-- Cham :
-- Springer International Publishing :
-- Imprint: Springer,
-- 2017.
300 ## - PHYSICAL DESCRIPTION
Extent XXVI, 197 p. 33 illus.
Other physical details online resource.
336 ## -
-- text
-- txt
-- rdacontent
337 ## -
-- computer
-- c
-- rdamedia
338 ## -
-- online resource
-- cr
-- rdacarrier
347 ## -
-- text file
-- PDF
-- rda
490 1# - SERIES STATEMENT
Series statement Programming and Software Engineering ;
Том/ позначення послідовності 10452
505 0# - FORMATTED CONTENTS NOTE
Formatted contents note Search-Based Software Engineering -- Software testing -- Automated Program Repair -- Software Evolution -- Combinatorial Testing -- Software Requirements Analysis -- Software Configuration -- Multi-Objective Optimization -- Evolutionary computation -- Software Diversity -- Mutation Testing.
520 ## - SUMMARY, ETC.
Summary, etc This book constitutes the refereed proceedings of the 9th International Symposium on Search-Based Software Engineering, SSBSE 2017, held in Paderborn, Germany, in September 2017.  The 7 full papers and 5 short papers presented together with 4 challenge track and 2 students student track papers were carefully reviewed and selected from 26 submissions. SSBSE welcomes not only applications from throughout the software engineering lifecycle but also a broad range of search methods ranging from exact Operational Research techniques to nature-inspired algorithms and simulated annealing.
506 ## - RESTRICTIONS ON ACCESS NOTE
Terms governing access Available to subscribing member institutions only. Доступно лише організаціям членам підписки.
506 ## - RESTRICTIONS ON ACCESS NOTE
Standardized terminology for access restriction Online access from local network of NaUOA.
506 ## - RESTRICTIONS ON ACCESS NOTE
Standardized terminology for access restriction Online access with authorization at https://link.springer.com/
506 ## - RESTRICTIONS ON ACCESS NOTE
Standardized terminology for access restriction Онлайн-доступ з локальної мережі НаУОА.
506 ## - RESTRICTIONS ON ACCESS NOTE
Standardized terminology for access restriction Онлайн доступ з авторизацією на https://link.springer.com/
650 #0 - SUBJECT ADDED ENTRY--TOPICAL TERM
Topical term or geographic name as entry element Software engineering.
650 #0 - SUBJECT ADDED ENTRY--TOPICAL TERM
Topical term or geographic name as entry element Operating systems (Computers).
650 #0 - SUBJECT ADDED ENTRY--TOPICAL TERM
Topical term or geographic name as entry element Programming languages (Electronic computers).
650 #0 - SUBJECT ADDED ENTRY--TOPICAL TERM
Topical term or geographic name as entry element Artificial intelligence.
650 #0 - SUBJECT ADDED ENTRY--TOPICAL TERM
Topical term or geographic name as entry element Algorithms.
650 #0 - SUBJECT ADDED ENTRY--TOPICAL TERM
Topical term or geographic name as entry element Logic design.
650 14 - SUBJECT ADDED ENTRY--TOPICAL TERM
Topical term or geographic name as entry element Software Engineering.
-- http://scigraph.springernature.com/things/product-market-codes/I14029
650 24 - SUBJECT ADDED ENTRY--TOPICAL TERM
Topical term or geographic name as entry element Operating Systems.
-- http://scigraph.springernature.com/things/product-market-codes/I14045
650 24 - SUBJECT ADDED ENTRY--TOPICAL TERM
Topical term or geographic name as entry element Programming Languages, Compilers, Interpreters.
-- http://scigraph.springernature.com/things/product-market-codes/I14037
650 24 - SUBJECT ADDED ENTRY--TOPICAL TERM
Topical term or geographic name as entry element Artificial Intelligence.
-- http://scigraph.springernature.com/things/product-market-codes/I21000
650 24 - SUBJECT ADDED ENTRY--TOPICAL TERM
Topical term or geographic name as entry element Algorithm Analysis and Problem Complexity.
-- http://scigraph.springernature.com/things/product-market-codes/I16021
650 24 - SUBJECT ADDED ENTRY--TOPICAL TERM
Topical term or geographic name as entry element Logic Design.
-- http://scigraph.springernature.com/things/product-market-codes/I12050
700 1# - ADDED ENTRY--PERSONAL NAME
Personal name Menzies, Tim.
Relator term editor.
-- (orcid)0000-0002-5040-3196
-- https://orcid.org/0000-0002-5040-3196
Relator code edt
-- http://id.loc.gov/vocabulary/relators/edt
700 1# - ADDED ENTRY--PERSONAL NAME
Personal name Petke, Justyna.
Relator term editor.
-- (orcid)0000-0002-7833-6044
-- https://orcid.org/0000-0002-7833-6044
Relator code edt
-- http://id.loc.gov/vocabulary/relators/edt
710 2# - ADDED ENTRY--CORPORATE NAME
Corporate name or jurisdiction name as entry element SpringerLink (Online service)
773 0# - HOST ITEM ENTRY
Title Springer eBooks
776 08 - ADDITIONAL PHYSICAL FORM ENTRY
Display text Printed edition:
International Standard Book Number 9783319662985
776 08 - ADDITIONAL PHYSICAL FORM ENTRY
Display text Printed edition:
International Standard Book Number 9783319663005
830 #0 - SERIES ADDED ENTRY--UNIFORM TITLE
Uniform title Programming and Software Engineering ;
Volume number/sequential designation 10452
856 40 - ELECTRONIC LOCATION AND ACCESS
Uniform Resource Identifier <a href="https://doi.org/10.1007/978-3-319-66299-2">https://doi.org/10.1007/978-3-319-66299-2</a>
912 ## -
-- ZDB-2-SCS
912 ## -
-- ZDB-2-LNC
942 ## - ADDED ENTRY ELEMENTS (KOHA)
Koha item type ЕКнига

Немає доступних примірників.